000 nam a22 7a 4500
999 _c128006
_d128006
008 180611b xxu||||| |||| 00| 0 eng d
050 _aLF495.O5.L45
100 _aPeter Levi S.J.
_941745
245 _aBeaumont (1861-1961)
260 _aLondon:
_bAndre Deutsch;
_c1961.
300 _a75p.;
_c22cm.
942 _2lcc
_cMONOGRAPH